000
00252nam a22001217a 4500
003
SGT
082
_a
823
_b
LEW
100
_a
LEWIS C.S
245
_a
THE CHRONICLES OF NARNIA
260
_a
LONDON
_b
HARPER PUB
_c
2009
300
_a
266
942
_2
ddc
_c
BK
999
_c
33892
_d
33892